Castellano, tercer curso /

Guardado en:
Autor Principal: Lacau, Maria H. P. Mujica De
Formato: Libro
Publicado: Argentina : Ciordia & Rodríguez, 1955
Materias:
Etiquetas: Agregar Etiqueta
Sin Etiquetas, Sea el primero en etiquetar este registro!
LEADER 00835nam a22002175a 4500
001 CEM.cems003682
005 19000101000000.0
008 130507s1955##################000#0#####d
003 CEMS
082 0 4 |a 468 
100 1 |a Lacau, Maria H. P. Mujica De 
245 1 0 |a Castellano, tercer curso / 
260 |a Argentina :  |b Ciordia & Rodríguez,  |c 1955 
300 |a 252 p. 
653 |a Castellano 
859 |a CEMS  |b BIB. CEMS - 11 de abril  |h 468  |i L116-1/III  |p 1205.73  |t Ej.1 
859 |a CEMS  |b BIB. CEMS - 11 de abril  |h 468  |i L116-1/III  |p 2460.74  |t Ej.3 
859 |a CEMS  |b BIB. CEMS - 11 de abril  |h 468  |i L116-1/III  |p 6097.77  |t Ej.4 
859 |a CEMS  |b BIB. CEMS - 11 de abril  |h 468  |i L116-1/III  |p 6098.77  |t Ej.5 
859 |a CEMS  |b BIB. CEMS - 11 de abril  |h 468  |i L116-1/III  |p 6099.77  |t Ej.6 
859 |a CEMS  |b BIB. CEMS - 11 de abril  |h 468  |i L116-1/III  |p 6100.77  |t Ej.2